Estimation of genetic variation of performance traits in common carp to predict potential of selective breeding under pond management conditions = Odhad genetické variance užitkových vlastností kapra obecného s cílem předpovědět potenciál selekčního šlechtění v rybničních podmínkách chovu /

Hlavní autor: Prchal, Martin, 1988-
Korporativní autor: Jihočeská univerzita. Fakulta rybářství a ochrany vod
Jazyk: Angličtina
Vydáno: Vodňany : Jihočeská univerzita v Českých Budějovicích, Fakulta rybářství a ochrany vod, 2018
Témata:
Externí odkaz: Digitalizovaný dokument
Fyzický popis: 130 stran : ilustrace ; 24 cm
Language note: Anglické a české resumé
Knihy
Uloženo v:
LEADER 02625nam a2200589 i 4500
001 nkc20203175566
003 CZ PrNK
005 20250516085438.0
007 ta
008 200211s2018 xr a f m 000 0 eng
015 |a cnb003175566 
020 |a 978-80-7514-076-0  |q (brožováno) 
035 |a (OCoLC)1199989052 
040 |a OLA001  |b cze  |e rda 
041 0 |a eng  |b cze  |b eng 
072 7 |a 639.2/.6  |x Rybářství  |2 Konspekt  |9 24 
080 |a 597.551.214  |2 MRF 
080 |a 591.15  |2 MRF 
080 |a 639.3.032  |2 MRF 
080 |a 639.311  |2 MRF 
080 |a (043.3)  |2 MRF 
080 |a (048.3)  |2 MRF 
100 1 |a Prchal, Martin,  |d 1988-  |7 ola20201067211  |4 dis 
245 1 0 |a Estimation of genetic variation of performance traits in common carp to predict potential of selective breeding under pond management conditions =  |b Odhad genetické variance užitkových vlastností kapra obecného s cílem předpovědět potenciál selekčního šlechtění v rybničních podmínkách chovu /  |c Martin Prchal 
246 3 1 |a Odhad genetické variance užitkových vlastností kapra obecného s cílem předpovědět potenciál selekčního šlechtění v rybničních podmínkách chovu 
264 1 |a Vodňany :  |b Jihočeská univerzita v Českých Budějovicích, Fakulta rybářství a ochrany vod,  |c 2018 
300 |a 130 stran :  |b ilustrace ;  |c 24 cm 
336 |a text  |b txt  |2 rdacontent 
337 |a bez média  |b n  |2 rdamedia 
338 |a svazek  |b nc  |2 rdacarrier 
502 |a Teze disertace (Ph.D.)--Jihočeská univerzita v Českých Budějovicích, Fakulta rybářství a ochrany vod, 2018 
504 |a Obsahuje bibliografické odkazy 
546 |a Anglické a české resumé 
650 0 7 |a kapr obecný  |7 ph114868  |2 czenas 
650 0 7 |a genetika živočichů  |7 ph114610  |2 czenas 
650 0 7 |a šlechtění ryb  |7 ph127831  |2 czenas 
650 0 7 |a rybníkářství  |7 ph125361  |2 czenas 
650 0 9 |a common carp  |2 eczenas 
650 0 9 |a animal genetics  |2 eczenas 
650 0 9 |a fish breeding  |2 eczenas 
650 0 9 |a fish-culture  |2 eczenas 
655 7 |a disertace  |7 fd132024  |2 czenas 
655 7 |a teze  |7 fd133701  |2 czenas 
655 9 |a dissertations  |2 eczenas 
655 9 |a abstracts  |2 eczenas 
710 2 |a Jihočeská univerzita.  |b Fakulta rybářství a ochrany vod  |7 ko2010583058  |4 isb 
856 4 1 |u http://www.digitalniknihovna.cz/mzk/uuid/uuid:57f18380-f83a-11ec-bb38-5ef3fc9bb22f  |y Digitalizovaný dokument  |x NDK 
910 2 |a BOA001  |b 2-1443.654 
990 |a BK 
995 |a 01 
991 |b 202002  |c NOV 
996 6 |b 2610814612  |c 2-1443.654  |l MZK  |r Sklad / do 1 hodiny  |n 0  |p p.v.  |w 001782135  |u 000010  |a 1  |e BOA001  |j MZK50  |s P